Pozemková daň a cena pôdy

Riešenie problematiky stanovenia ceny pôdy, pozemkovej renty a pozemkovej dane. Oceňovanie a zdaňovanie pôdy v Česku a na Slovensku v 19. storočí. Oceňovanie pôdy v niektorých krajinách s fungujúcin trhovým hospodárstvom využitím obchodných, zástavných a výnosových cien (SRN, Rakúsko). Spôsoby oceňo...

Ausführliche Beschreibung

Gespeichert in:
Bibliographische Detailangaben
1. Verfasser: Cviková, Z.
Format: Buchkapitel
Sprache:Slowakisch
Schlagworte:
Tags: Tag hinzufügen
Keine Tags, Fügen Sie das erste Tag hinzu!

MARC

LEADER 00000naa a2200000 4500
001 r000556
005 20221205075758.4
041 0 |a slo 
044 |a SK 
245 1 0 |a Pozemková daň a cena pôdy  |c Z. Cviková 
520 |a Riešenie problematiky stanovenia ceny pôdy, pozemkovej renty a pozemkovej dane. Oceňovanie a zdaňovanie pôdy v Česku a na Slovensku v 19. storočí. Oceňovanie pôdy v niektorých krajinách s fungujúcin trhovým hospodárstvom využitím obchodných, zástavných a výnosových cien (SRN, Rakúsko). Spôsoby oceňovania pôdy v našich podmienkach, výrobné typy, oceňovanie produkčných schopností pôd a oceňovacia funkcia typových štruktúr. Nová daň z poľnohospodárskych pozemkov, lineárna sadzba dane a progresívna forma zdanenia. 
610 2 0 |a oceňovanie 
610 2 0 |a cena pôdy 
610 2 0 |a dane poľnohospodárske 
610 2 0 |a pôda poľnohospodárska 
610 2 0 |a sadzby daňové 
610 2 0 |a Slovensko 
610 2 0 |a Nemecko 
610 2 0 |a Rakúsko 
100 1 |a Cviková, Z.